<?xml version="1.0" encoding="UTF-8"?>
<record
    xmlns:xsi="http://www.w3.org/2001/XMLSchema-instance"
    xsi:schemaLocation="http://www.loc.gov/MARC21/slim http://www.loc.gov/standards/marcxml/schema/MARC21slim.xsd"
    xmlns="http://www.loc.gov/MARC21/slim">

  <leader>00693nam a2200217Ia 4500</leader>
  <controlfield tag="003">IT-RoPAU</controlfield>
  <controlfield tag="008">120407s9999    xx            000 0 und d</controlfield>
  <datafield tag="040" ind1=" " ind2=" ">
    <subfield code="a">IT-RoPAU</subfield>
  </datafield>
  <datafield tag="040" ind1=" " ind2=" ">
    <subfield code="c">IT-RoPAU</subfield>
  </datafield>
  <datafield tag="041" ind1=" " ind2=" ">
    <subfield code="a">ita</subfield>
  </datafield>
  <datafield tag="100" ind1=" " ind2=" ">
    <subfield code="a">Yves Congar</subfield>
  </datafield>
  <datafield tag="245" ind1=" " ind2=" ">
    <subfield code="a">Credo nello Spirito Santo.</subfield>
  </datafield>
  <datafield tag="250" ind1=" " ind2=" ">
    <subfield code="a">Brescia</subfield>
  </datafield>
  <datafield tag="260" ind1=" " ind2=" ">
    <subfield code="a">Queriniana</subfield>
  </datafield>
  <datafield tag="260" ind1=" " ind2=" ">
    <subfield code="c">1982</subfield>
  </datafield>
  <datafield tag="300" ind1=" " ind2=" ">
    <subfield code="c">24 cm</subfield>
  </datafield>
  <datafield tag="490" ind1=" " ind2=" ">
    <subfield code="v">3</subfield>
  </datafield>
  <datafield tag="600" ind1=" " ind2=" ">
    <subfield code="a">" 1&#xB0; v. Lo Spirito Santo nell&#x2019;&#x201D;Economia&#x201D; Rivelazione e esperienza dello Spirito.  2&#xB0; v. &#x201C;Egli &#xE8; il Signore e d&#xE0; la vita&#x201D;. Lo Spirito come vita.  3&#xB0; v. Il fiume di Vita (Ap. 22,1) scorre in Oriente e in Occidente. Teologia dello Spirito santo"</subfield>
  </datafield>
  <datafield tag="942" ind1=" " ind2=" ">
    <subfield code="c">BK</subfield>
  </datafield>
  <datafield tag="999" ind1=" " ind2=" ">
    <subfield code="c">18459</subfield>
    <subfield code="d">18459</subfield>
  </datafield>
  <datafield tag="952" ind1=" " ind2=" ">
    <subfield code="0">0</subfield>
    <subfield code="1">0</subfield>
    <subfield code="2">ddc</subfield>
    <subfield code="4">0</subfield>
    <subfield code="6">231_300000000000000_14</subfield>
    <subfield code="7">1</subfield>
    <subfield code="a">PAULUS</subfield>
    <subfield code="b">PAULUS</subfield>
    <subfield code="d">2012-04-11</subfield>
    <subfield code="l">0</subfield>
    <subfield code="o">231.3.14</subfield>
    <subfield code="r">2012-04-11 00:00:00</subfield>
    <subfield code="w">2012-04-11</subfield>
    <subfield code="y">BK</subfield>
    <subfield code="z">Inserito da: Anna In data: 14 luglio 2011 fondo: Via A.Severo 56 Progr:4459</subfield>
  </datafield>
</record>
